00326nam a2200133Ia 4500020001000000082001300010245002700023260005500050300001000105526003700115650001900152650000800171700001300179 a(pbk) a297bGOS aThe Gospel of barnabas aKarachibBawany Islamic Literature ( Trust )c1907 a297p. a0b0c0d297_000000000000000_GOS aBible- English aMCE aLonsdale